All Cities on a Map by Letter - D - Statistics

General Stats
  • This quiz has been taken 15 times
    14 since last reset
  • The average score is 96 of 1614
Answers on the Map
Answers color-coded by a green-red scale on the quiz's map according to % correct below.
 
Answer Stats
Country City population City % Correct
Mali 10446 Da
100%
Tanzania 7962000 Dar es Salaam
91%
United Kingdom 20342 Deal
91%
United States 2691349 Denver
91%
India 93917 Dhār
91%
Senegal 1438725 Dakar
82%
Benin 10356 Dan
82%
India 32226000 Delhi
82%
United States 10525 Delhi
82%
United States 3716929 Detroit
82%
Bangladesh 19134000 Dhaka
82%
India 43074 Dhāka
82%
United Arab Emirates 3331420 Dubai
82%
United States 5843632 Dallas
73%
United States 17214 Dallas
73%
United States 14440 Dallas
73%
United States 9139 Dallas
73%
China 35357 Dama
73%
United Kingdom 28124 Darwen
73%
Australia 139902 Darwin
73%
India 59272 Dhone
73%
Qatar 1186023 Doha
73%
Germany 595471 Dortmund
73%
Germany 566222 Dresden
73%
China 660300 Dali
64%
China 109696 Dali
64%
Cyprus 10466 Dáli
64%
China 5871474 Dalian
64%
Syria 2584771 Damascus
64%
United States 16864 Damascus
64%
United States 10888 Damascus
64%
Ukraine 901645 Donetsk
64%
Russia 46623 Donetsk
64%
United Kingdom 148280 Dundee
64%
South Africa 34924 Dundee
64%
United States 12597 Dunkirk
64%
Germany 631217 Düsseldorf
64%
United States 667936 Dayton
55%
United States 15873 Dayton
55%
United States 9121 Dayton
55%
United Kingdom 255394 Derby
55%
United States 25801 Derby
55%
United States 12359 Derby
55%
United States 8692 Derby
55%
Timor-Leste 222323 Dili
55%
Burkina Faso 61456 Djibo
55%
Djibouti 603900 Djibouti
55%
Ukraine 968502 Dnipro
55%
Tanzania 765179 Dodoma
55%
Slovenia 277 Dol
55%
Cameroon 5768400 Douala
55%
United States 128045 Dover
55%
United States 72476 Dover
55%
United Kingdom 31022 Dover
55%
United States 22931 Dover
55%
United States 18420 Dover
55%
United States 13094 Dover
55%
Ireland 592713 Dublin
55%
United States 70542 Dublin
55%
United States 49031 Dublin
55%
United States 16023 Dublin
55%
United States 120443 Duluth
55%
United States 31958 Duluth
55%
New Zealand 36070 Dunedin
55%
United States 36060 Dunedin
55%
South Africa 838634 Durban
55%
Albania 153614 Durrës
55%
United States 65317 Dalton
45%
Hungary 201704 Debrecen
45%
India 10000 Deh
45%
United Kingdom 85016 Derry
45%
United States 34335 Derry
45%
United States 24858 Derry
45%
United States 560170 Des Moines
45%
United States 32545 Des Moines
45%
India 13561 Dhāna
45%
France 159941 Dijon
45%
United Kingdom 109805 Doncaster
45%
Germany 93323 Düren
45%
United States 411362 Durham
45%
United Kingdom 48069 Durham
45%
United States 15054 Durham
45%
Tajikistan 1564700 Dushanbe
45%
Korea, South 2376044 Daegu
36%
Benin 14622 Dahé
36%
Angola 29991 Dala
36%
Mali 8504 Dala
36%
India 8558 Dāla
36%
United States 175074 Danbury
36%
China 806300 Danyang
36%
United Kingdom 93015 Darlington
36%
United States 282356 Davenport
36%
United States 11660 Davenport
36%
United States 75924 Daytona Beach
36%
Indonesia 670210 Denpasar
36%
United States 12097 Dent
36%
United States 455152 Denton
36%
United Kingdom 36591 Denton
36%
Netherlands 101236 Deventer
36%
India 23554 Dhing
36%
United States 16774 Donna
36%
Spain 189093 Donostia
36%
India 10275 Dora
36%
United Kingdom 20135 Dorchester
36%
Isle of Man 27938 Douglas
36%
Ireland 26883 Douglas
36%
South Africa 20083 Douglas
36%
United States 16118 Douglas
36%
United States 11720 Douglas
36%
United States 9096 Douglas
36%
Norway 109416 Drammen
36%
Australia 38783 Dubbo
36%
Germany 48337 Dachau
27%
Korea, South 1475221 Daejeon
27%
India 9288 Dahi
27%
United States 102560 Daly City
27%
China 2781562 Daqing
27%
United States 32621 Dartmouth
27%
Philippines 1910167 Davao
27%
Panama 82907 David
27%
United States 79355 Davis
27%
China 1253878 Dayan
27%
United States 84629 Decatur
27%
United States 57760 Decatur
27%
United States 24470 Decatur
27%
United States 9769 Decatur
27%
United States 50835 Delano
27%
United States 43168 Delaware
27%
United States 66940 Delray Beach
27%
United States 224303 Deltona
27%
United States 14803 Dennis
27%
China 10646000 Dongguan
27%
China 75135 Dongguan
27%
Netherlands 121434 Dordrecht
27%
France 39833 Douai
27%
United States 111793 Downey
27%
United States 50159 Draper
27%
Canada 79258 Drummondville
27%
United States 68567 Dubuque
27%
United Kingdom 79379 Dudley
27%
United States 11886 Dudley
27%
Germany 503707 Duisburg
27%
Canada 24358 Duncan
27%
United States 22872 Duncan
27%
France 87013 Dunkerque
27%
Mexico 654876 Durango
27%
Spain 29887 Durango
27%
United States 19257 Durango
27%
Poland 116930 Dąbrowa Górnicza
18%
Taiwan 13035 Dahu
18%
India 44282 Damān
18%
Egypt 206664 Damietta
18%
China 2188436 Dandong
18%
United States 43426 Danville
18%
United States 42239 Danville
18%
United States 28663 Danville
18%
United States 17235 Danville
18%
United States 11049 Danville
18%
United States 28673 Daphne
18%
Mongolia 74738 Darhan
18%
Mongolia 74738 Darhan
18%
Germany 164792 Darmstadt
18%
Benin 9607 Dasso
18%
Latvia 77799 Daugavpils
18%
United States 106412 Davie
18%
China 5385422 Dazhou
18%
South Africa 23760 De Aar
18%
United States 107846 Dearborn
18%
United States 62099 Dearborn Heights
18%
United States 19185 Deerfield
18%
United States 86742 Deerfield Beach
18%
Germany 35757 Deggendorf
18%
India 578420 Dehra Dūn
18%
United States 39832 DeLand
18%
Netherlands 109435 Delft
18%
Mexico 150506 Delicias
18%
Haiti 284079 Delmas
18%
Germany 78979 Delmenhorst
18%
United States 34638 Del Rio
18%
Canada 108455 Delta
18%
Brazil 10494 Delta
18%
United States 9266 Delta
18%
Germany 10293 Demmin
18%
United States 25347 Denison
18%
Turkey 651200 Denizli
18%
Indonesia 2330333 Depok
18%
Russia 127084 Derbent
18%
United States 55896 DeSoto
18%
United States 59408 Des Plaines
18%
Germany 79686 Dessau-Rosslau
18%
Germany 74835 Detmold
18%
United States 10002 Detroit Lakes
18%
China 3456161 Deyang
18%
China 5568235 Dezhou
18%
India 1162472 Dhanbād
18%
Brazil 393237 Diadema
18%
United States 53750 Diamond Bar
18%
United States 25216 Dickinson
18%
United States 21612 Dickinson
18%
United States 16246 Dickson
18%
Germany 20070 Dillingen
18%
Germany 19989 Dillingen
18%
Russia 108804 Dimitrovgrad
18%
Bulgaria 53557 Dimitrovgrad
18%
Serbia 8043 Dimitrovgrad
18%
Pakistan 56886 Dina
18%
Germany 20927 Dingolfing
18%
China 1095986 Dingzhou
18%
Germany 12272 Dinkelsbühl
18%
Mali 12092 Diré
18%
Ethiopia 277000 Dire Dawa
18%
Brazil 20706 Divino
18%
Brazil 231091 Divinópolis
18%
United States 19158 Dixon
18%
United States 15166 Dixon
18%
Turkey 1791373 Diyarbakır
18%
Algeria 158679 Djelfa
18%
Russia 62869 Dmitrov
18%
Bulgaria 87361 Dobrich
18%
France 23784 Dole
18%
Canada 48403 Dollard-des-Ormeaux
18%
Russia 156681 Domodedovo
18%
Germany 15197 Dorfen
18%
Germany 76842 Dorsten
18%
Spain 140430 Dos Hermanas
18%
United States 74002 Dothan
18%
United States 36284 Douglasville
18%
Belgium 16716 Dour
18%
Guinea 18675 Doura
18%
Brazil 164949 Dourados
18%
United States 49867 Downers Grove
18%
United States 17957 Doylestown
18%
France 71312 Drancy
18%
Romania 79865 Drobeta-Turnu Severin
18%
Luxembourg 21953 Dudelange
18%
United States 39879 Duncanville
18%
United States 65441 Dundalk
18%
United Kingdom 53100 Dunfermline
18%
United States 51563 Dunwoody
18%
India 726000 Durgāpur
18%
Russia 215259 Dzerzhinsk
18%
Bhutan 1146 Daga
9%
United Kingdom 106247 Dagenham
9%
India 9081 Dāita
9%
Iran 10664 Dakhān
9%
Taiwan 29937 Dalin
9%
Germany 17686 Damme
9%
Belgium 11008 Damme
9%
United States 32883 Dana Point
9%
Burkina Faso 25922 Dano
9%
Syria 97000 Dar‘ā
9%
Senegal 32941 Dara
9%
India 8867 Dāra
9%
India 118805 Darjeeling
9%
Germany 9754 Dassel
9%
Japan 59625 Date
9%
Japan 33404 Date
9%
Germany 35200 Datteln
9%
United States 14852 Davidson
9%
United States 40464 DeKalb
9%
Germany 32874 Delbrück
9%
United States 14735 Deming
9%
Germany 11312 Denkendorf
9%
United States 25368 De Pere
9%
Ethiopia 16731 Dēra
9%
Ethiopia 187900 Desē
9%
United States 32786 Desert Hot Springs
9%
Italy 41463 Desio
9%
Austria 11721 Deutschlandsberg
9%
Canada 17915 Deux-Montagnes
9%
Romania 53113 Deva
9%
Saudi Arabia 32067 Dhahran
9%
Algeria 11439 Dhalaa
9%
India 10000 Dhalai
9%
Yemen 146346 Dhamār
9%
Nepal 116181 Dharān
9%
India 12071 Dhaula
9%
India 53792 Dholka
9%
India 65215 Dhūri
9%
Germany 15723 Dieburg
9%
Germany 10777 Diedorf
9%
Germany 17608 Diepholz
9%
France 28599 Dieppe
9%
Canada 28114 Dieppe
9%
Germany 8535 Dietmannsried
9%
Germany 11388 Diez
9%
Luxembourg 15455 Differdange
9%
Russia 1113 Dikson
9%
Ethiopia 59150 Dīla
9%
Germany 23533 Dillenburg
9%
France 14966 Dinan
9%
Belgium 13544 Dinant
9%
France 10407 Dinard
9%
Germany 67949 Dinslaken
9%
United Kingdom 8509 Diss
9%
Chad 25650 Doba
9%
Germany 23728 Döbeln
9%
India 11529 Doda
9%
United States 27652 Dodge City
9%
Canada 10849 Dolbeau
9%
Italy 14953 Dolo
9%
Germany 22312 Donaueschingen
9%
Germany 20108 Donauwörth
9%
Netherlands 26368 Dongen
9%
Canada 8952 Donnacona
9%
Germany 11031 Donzdorf
9%
Puerto Rico 13151 Dorado
9%
United States 76490 Doral
9%
Burkina Faso 46521 Dori
9%
United Kingdom 11158 Dorking
9%
Germany 65170 Dormagen
9%
Austria 48067 Dornbirn
9%
Colombia 179301 Dosquebradas
9%
Germany 12534 Dossenheim
9%
France 14188 Douarnenez
9%
Germany 42389 Dreieich
9%
Germany 11284 Drochtersen
9%
India 268806 Drug
9%
United States 21921 Duarte
9%
Russia 74032 Dubna
9%
Croatia 41562 Dubrovnik
9%
Russia 19309 Dudinka
9%
Romania 19347 Dudu
9%
Philippines 18861 Duero
9%
Germany 47937 Dülmen
9%
United Kingdom 9030 Dunbar
9%
Angola 177604 Dundo
9%
United States 14123 Dunmore
9%
United States 16400 Dyer
9%
Oman 23466 Ḑank
0%
China 270911 Da’an
0%
Philippines 93502 Daanbantayan
0%
Niger 23969 Dabaga
0%
Côte d’Ivoire 78634 Dabakala
0%
China 21000 Dabaozi
0%
Hungary 17542 Dabas
0%
Ethiopia 12574 Dabat
0%
Colombia 22954 Dabeiba
0%
India 9544 Dabhaura
0%
India 51240 Dabhoi
0%
Mali 10832 Dabiya
0%
India 20984 Daboh
0%
Guinea 38617 Dabola
0%
Côte d’Ivoire 138083 Dabou
0%
Morocco 34607 Dabouziya
0%
India 74807 Dabra
0%
Poland 11549 Dąbrowa Tarnowska
0%
Romania 10333 Dăbuleni
0%
China 36556 Dabutou
0%
China 30951 Dachen
0%
Taiwan 15425 Dacheng
0%
China 9443 Dachengzicun
0%
India 19042 Dāchepalle
0%
Ukraine 11150 Dachne
0%
China 41763 Dacun
0%
Taiwan 40459 Dacun
0%
India 21004 Daddi
0%
Nepal 19014 Dadeldhurā
0%
Pakistan 17276 Dadhar
0%
India 9040 Dadrewa
0%
Pakistan 146179 Dadu
0%
China 1212203 Dadukou
0%
Korea, South 14037 Daean
0%
Philippines 111700 Daet
0%
Greece 23431 Dáfni
0%
Philippines 36178 Dagami
0%
Senegal 18205 Dagana
0%
Bangladesh 33574 Dāganbhuiya
0%
Spain 10650 Daganzo de Arriba
0%
India 221229 Dagarua
0%
Benin 9498 Dagbé
0%
Russia 31412 Dagestanskiye Ogni
0%
India 10010 Dagiāpāra
0%
India 12268 Dagmāra
0%
Philippines 19874 Dagohoy
0%
Colombia 36891 Dagua
0%
Philippines 174302 Dagupan City
0%
Tajikistan 29776 Dahana
0%
India 12678 Daharia
0%
India 13419 Dahāria
0%
Uzbekistan 9000 Dahbed
0%
China 30197 Daheba
0%
China 24243 Dahecun
0%
India 80532 Dahegām
0%
India 16461 Dahibhāt Mādhopur
0%
India 12000 Dahivel
0%
Tunisia 27907 Dahmani
0%
India 9657 Dahua
0%
China 151037 Dahuaishu
0%
Iraq 330600 Dahūk
0%
China 47000 Dahutang
0%
Japan 15491 Daigo
0%
China 44111 Daijiazhuang
0%
Spain 17645 Daimiel
0%
Pakistan 25000 Dainyor
0%
India 12615 Daipha
0%
Argentina 16804 Daireaux
0%
Japan 76164 Daisen
0%
Japan 15336 Daisen
0%
Japan 118812 Daitōchō
0%
Japan 155165 Daiwanishi
0%
China 35894 Daiyue
0%
Dominican Republic 28071 Dajabón
0%
China 22323 Dajianchang
0%
China 37290 Dajiecun
0%
India 10672 Dakhrām
0%
Philippines 13436 Dakit
0%
India 23784 Dākor
0%
United States 34159 Dakota Ridge
0%
Croatia 23577 Ðakovo
0%
India 9547 Dākpatthar
0%
Nepal 24297 Dakṣiṇkāli̇̄
0%
Guinea 6349 Dalaba
0%
China 16075 Dalachi
0%
Philippines 74596 Dalaguete
0%
China 16927 Dalain Hob
0%
Turkey 47482 Dalaman
0%
India 22689 Dalān
0%
Mongolia 20000 Dalandzadgad
0%
China 15590 Dalanping
0%
Mongolia 19396 Dalanzadgad
0%
India 8945 Dalavāypattanam
0%
India 10054 Dalāwarpur
0%
Australia 12082 Dalby
0%
United States 72793 Dale City
0%
Netherlands 28901 Dalfsen
0%
Iran 10292 Dalgān
0%
India 11058 Dalippur
0%
Egypt 63751 Daljā
0%
United Kingdom 13400 Dalkeith
0%
India 36930 Dālkola
0%
Germany 10770 Dallgow-Döberitz
0%
India 44363 Dalli Rājhara
0%
Italy 23316 Dalmine
0%
Russia 33030 Dalnegorsk
0%
Russia 23028 Dalnerechensk
0%
Côte d’Ivoire 421871 Daloa
0%
India 26658 Dalsingh Sarai
0%
Vietnam 203710 Đà Lạt
0%
India 158941 Daltonganj
0%
China 24923 Dalupo
0%
India 132628 Dalūpura
0%
Tajikistan 23670 Dalyoni Bolo
0%
China 13230 Damaishan
0%
India 8755 Dāmal
0%
India 15000 Damalcheruvu
0%
Egypt 244043 Damanhūr
0%
India 12710 Dāmarcherla
0%
India 9197 Dāmargidda
0%
Nigeria 88014 Damaturu
0%
Iran 48380 Damāvand
0%
Angola 66472 Damba
0%
Ghana 13000 Dambai
0%
India 13325 Dambal
0%
Nigeria 233500 Damboa
0%
Sri Lanka 72306 Dambulla
0%
India 114786 Dam Dam
0%
India 15688 Damdama
0%
Haiti 27127 Dame-Marie
0%
Iran 59106 Dāmghān
0%
Yemen 15626 Dammāj
0%
India 11629 Dammapeta
0%
France 23252 Dammarie-lè-Lys
0%
France 11508 Dammartin-en-Goële
0%
India 13000 Dammennu
0%
India 168916 Damoh
0%
Ghana 2014 Damongo
0%
India 11187 Damonojodi
0%
Algeria 17111 Damous
0%
India 9141 Dāmu
0%
India 20931 Damua
0%
Philippines 39322 Damulog
0%
Philippines 156321 Danao
0%
Philippines 20245 Danao
0%
India 9402 Danau Kändimarg
0%
Philippines 26076 Dancagan
0%
Egypt 53109 Dandarah
0%
India 70342 Dandeli
0%
Australia 29906 Dandenong
0%
Mali 41723 Dandéresso
0%
India 9651 Dandkhora
0%
Mali 9853 Dandoli
0%
India 16000 Dandu Mailāram
0%
Iran 9434 Dānesfahān
0%
Mali 13045 Danga
0%
Uzbekistan 11500 Dang‘ara
0%
Benin 66055 Dangbo
0%
China 9792 Dangcheng
0%
China 9792 Dangchengwan
0%
Tajikistan 31100 Danghara
0%
Ethiopia 24827 Dangila
0%
Somalia 20331 Dan Gorayo
0%
Belize 10217 Dangriga
0%
China 397465 Dangyang
0%
United States 31739 Dania Beach
0%
South Africa 13597 Daniëlskuil
0%
China 36313 Danihe
0%
Russia 14746 Danilov
0%
Montenegro 5156 Danilovgrad
0%
China 409940 Danjiangkou
0%
Honduras 88722 Danlí
0%
Vietnam 1134000 Đà Nẵng
0%
India 13633 Dantewāra
0%
United States 27924 Danvers
0%
India 21823 Danwān
0%
China 154955 Danzao
0%
Philippines 33842 Dao
0%
Côte d’Ivoire 101136 Daoukro
0%
Philippines 29006 Dapa
0%
Togo 58071 Dapaong
0%
India 12854 Daparkha
0%
Taiwan 18178 Dapi
0%
China 8753 Daping
0%
Philippines 85202 Dapitan
0%
India 34544 Dāpoli
0%
China 57192 Daqiao
0%
Romania 11948 Darabani
0%
Philippines 133893 Daraga
0%
Madagascar 10000 Daraina
0%
Libya 931 Daraj
0%
Philippines 41608 Daram
0%
India 13027 Dārāsuram
0%
Syria 13525 Dārat ‘Izzah
0%
India 10554 Darauli
0%
Egypt 38400 Darāw
0%
Syria 84044 Dārayyā
0%
Iran 10670 Darb-e Behesht
0%
Morocco 32873 Dar Bel Hamri
0%
India 296039 Darbhanga
0%
United States 10664 Darby
0%
Tunisia 52406 Dar Chabanne
0%
Morocco 17411 Dar Chaifat
0%
Iran 43183 Darcheh
0%
Algeria 26605 Dar Chioukh
0%
United States 13137 Dardenne Prairie
0%
France 8980 Dardilly
0%
Uzbekistan 26055 Dardoq
0%
Algeria 81509 Dar el Beïda
0%
Morocco 8518 Dar El Kebdani
0%
Turkey 24588 Darende
0%
United Kingdom 10685 Darfield
0%
Iran 14525 Dargahān
0%
Turkmenistan 21465 Darganata
0%
Iran 36762 Dargaz
0%
Turkey 27147 Dargeçit
0%
India 37000 Dargot
0%
United States 21855 Darien
0%
Colombia 16054 Darién
0%
India 13730 Darihat
0%
Brazil 10347 Dário Meira
0%
United Kingdom 21545 Darlaston
0%
Poland 13081 Darłowo
0%
India 10802 Darmahā
0%
Romania 13069 Dărmăneşti
0%
Libya 90000 Darnah
0%
Mauritania 144043 Dar Naim
0%
France 9652 Darnétal
0%
Morocco 30114 Dar Ould Zidouh
0%
India 14562 Darpa
0%
Argentina 3412 Darregueira
0%
Iran 21900 Darreh Shahr
0%
India 33418 Darsi
0%
Morocco 9528 Dar Si Aissa
0%
India 8512 Darsur
0%
United Kingdom 51240 Dartford
0%
United Kingdom 21345 Darton
0%
Papua New Guinea 12879 Daru
0%
Croatia 10105 Daruvar
0%
India 10177 Darwa
0%
India 18338 Daryābād
0%
India 10589 Dasai
0%
India 9088 Dasaut
0%
China 31000 Dashao
0%
China 607098 Dashiqiao
0%
China 8913 Dashouping
0%
Tajikistan 19331 Dashtigulho
0%
Uzbekistan 36500 Dashtobod
0%
Azerbaijan 10566 Daşkəsən
0%
Philippines 703141 Dasmariñas
0%
India 22216 Dasnāpur
0%
Turkmenistan 201142 Daşoguz
0%
Philippines 31355 Dasol
0%
India 12314 Dasraha Bhogrājpur
0%
Benin 15839 Dassari
0%
Benin 112118 Dassa-Zoumé
0%
Iran 17775 Dastgerd
0%
China 23712 Dasungezhuang
0%
India 26550 Dasūya
0%
India 25000 Data
0%
China 310889 Datang
0%
China 34169 Datang
0%
Turkey 25029 Datça
0%
India 100466 Datia
0%
India 9102 Datian
0%
India 11258 Datiāna
0%
India 12101 Datoda
0%
Benin 9615 Datori
0%
India 8532 Dattapāra
0%
India 13562 Dattapulia
0%
Philippines 116768 Datu Odin Sinsuat
0%
Philippines 33682 Datu Paglas
0%
Philippines 28380 Datu Piang
0%
India 52364 Daudnagar
0%
Philippines 30018 Dauin
0%
Philippines 52492 Dauis
0%
Bangladesh 27514 Daulatkhān
0%
India 13235 Daulatnagar
0%
India 9565 Daulatpur
0%
Ecuador 161498 Daule
0%
Germany 11461 Dautphe
0%
India 435125 Davangere
0%
United Kingdom 25026 Daventry
0%
Russia 21834 Davlekanovo
0%
India 14426 Davorlim
0%
Switzerland 10862 Davos
0%
India 9092 Dāvulūru
0%
Turkey 15877 Davutlar
0%
United Kingdom 19634 Davyhulme
0%
Burma 146964 Dawei
0%
United Kingdom 11399 Dawley
0%
United Kingdom 15264 Dawlish
0%
Saudi Arabia 22583 Dawmat al Jandal
0%
Canada 12323 Dawson Creek
0%
France 21716 Dax
0%
China 46674 Daxiang
0%
China 22311 Daxin
0%
China 76536 Daxincun
0%
China 54872 Daxing
0%
India 11073 Dayālpur
0%
India 13021 Dayālpur Sāpha
0%
China 871214 Daye
0%
China 74516 Dayong
0%
Egypt 19638 Dayr Abū Ḩinnis
0%
Jordan 29590 Dayr Abū Sa‘īd
0%
Syria 35409 Dayr Ḩāfir
0%
Gaza Strip 75132 Dayr al Balaḩ
0%
Egypt 14297 Dayr al Barshā
0%
Egypt 8911 Dayr as Sanqūrīyah
0%
Syria 10984 Dayr ‘Aţīyah
0%
Syria 271800 Dayr az Zawr
0%
Egypt 40640 Dayr Mawās
0%
Egypt 653847 Dayrūţ
0%
Japan 72430 Dazaifu
0%
China 16896 Dazhangzi
0%
China 16896 Dazhangzicun
0%
China 9130 Dazhuangzi
0%
Lebanon 18000 Dbaïyé
0%
Eritrea 25000 Dbarwa
0%
Vietnam 150927 Đức Phổ
0%
Argentina 21518 Deán Funes
0%
India 32695 Debagrām
0%
Ukraine 24209 Debaltseve
0%
North Macedonia 14561 Debar
0%
Ethiopia 20839 Debark’
0%
United States 22602 DeBary
0%
Algeria 12716 Debbache el Hadj Douadi
0%
Trinidad and Tobago 7200 Debe
0%
India 27237 Debiāpur
0%
Poland 44047 Dębica
0%
Algeria 25158 Debila
0%
Netherlands 43384 De Bilt
0%
Poland 14791 Dęblin
0%
Poland 13291 Dębno
0%
Ethiopia 65231 Debre Birhan
0%
Ethiopia 62497 Debre Mark’os
0%
Ethiopia 55596 Debre Tabor
0%
Ethiopia 13908 Debre Werk’
0%
Ethiopia 99928 Debre Zeyit
0%
Kosovo 3803 Deçan
0%
Czechia 46799 Děčín
0%
France 29905 Décines-Charpieu
0%
Netherlands 12840 Dedemsvaart
0%
United States 25109 Dedham
0%
South Africa 11278 De Doorns
0%
Burkina Faso 63617 Dédougou
0%
Russia 30373 Dedovsk
0%
Malawi 30928 Dedza
0%
Belgium 11796 Deerlijk
0%
United States 33823 Deer Park
0%
United States 27334 Deer Park
0%
United States 16830 Defiance
0%
United States 10853 DeForest
0%
Tunisia 14332 Degache
0%
India 34315 Degāna
0%
Ethiopia 30027 Degeh Bur
0%
Mexico 21226 Degollado
0%
Russia 15061 Degtyarsk
0%
Belgium 12635 De Haan
0%
Iran 16899 Dehāqān
0%
Iran 10726 Deh Bakrī
0%
Iran 57036 Dehdasht
0%
Afghanistan 9482 Deh-e Shū
0%
Iran 25992 Dehgolān
0%
Tunisia 4295 Dehiba
0%
Iran 32941 Dehlorān
0%
Tajikistan 14802 Dehmoí
0%
Tajikistan 12327 Dehqonobod
0%
Uzbekistan 10500 Dehqonobod
0%
India 137231 Dehri
0%
India 8800 Dehri
0%
India 17261 Dehti
0%
China 839786 Dehui
0%
Belgium 44315 Deinze
0%
Romania 31475 Dej
0%
Ethiopia 15483 Dejen
0%
Benin 8581 Dékanmé
0%
Russia 3615 De-Kastri
0%
Eritrea 10959 Dek’emhāre
0%
United States 11115 Del Aire
0%
South Africa 10630 Delareyville
0%
United States 8531 Delavan
0%
Philippines 20127 Del Carmen
0%
North Macedonia 9644 Delčevo
0%
United States 21561 Del City
0%
Switzerland 12682 Delémont
0%
Netherlands 24716 Delfzijl
0%
El Salvador 126839 Delgado
0%
Philippines 26403 Del Gallego
0%
India 405633 Delhi Cantonment
0%
Iran 40902 Delījān
0%
Germany 25341 Delitzsch
0%
Algeria 32954 Dellys
0%
Brazil 52262 Delmiro Gouveia
0%
South Africa 10346 Delportshoop
0%
United States 17937 Delran
0%
India 11032 Delvāda
0%
Congo (Kinshasa) 25384 Demba
0%
Ethiopia 15008 Dembecha
0%
Mayotte 15848 Dembeni
0%
Ethiopia 29448 Dembī Dolo
0%
Netherlands 21815 De Meern
0%
Brazil 12489 Demerval Lobão
0%
Turkey 36620 Demirci
0%
North Macedonia 2431 Demir Hisar
0%
North Macedonia 3275 Demir Kapija
0%
Turkey 452157 Demiryol
0%
Morocco 33635 Demnat
0%
Turkey 27691 Demre
0%
France 20622 Denain
0%
Ethiopia 87380 Denan
0%
United Kingdom 8670 Denbigh
0%
United Kingdom 16632 Denby Dale
0%
Thailand 11542 Den Chai
0%
Belgium 20086 Denderleeuw
0%
Belgium 45673 Dendermonde
0%
India 11846 Dendulūru
0%
Netherlands 9125 Denekamp
0%
South Africa 19479 Deneysville
0%
China 26081 Dengjiazhuang
0%
China 15993 Dêngka
0%
China 15245 Dengshangcun
0%
China 359401 Dengtacun
0%
China 37983 Dengtangcun
0%
United States 9362 Denham Springs
0%
Netherlands 56582 Den Helder
0%
Spain 46942 Denia
0%
Australia 6431 Deniliquin
0%
Turkey 25270 Denizciler
0%
Uzbekistan 78300 Denov
0%
United States 15396 Dentsville
0%
United States 17110 Denville
0%
Mali 9464 Dényékoro
0%
Germany 13899 Denzlingen
0%
India 173216 Deo
0%
India 11251 Deodha
0%
India 8775 Deodora
0%
India 29032 Deodrug
0%
India 26526 Deogarh
0%
India 203116 Deoghar
0%
India 9269 Deokali
0%
India 54027 Deolāli
0%
India 97598 Deoni Buzurg
0%
India 16671 Deoria
0%
India 31423 Deori Khās
0%
India 20077 Depālpur
0%
Belgium 11129 De Panne
0%
United States 15065 Depew
0%
Belgium 11046 De Pinte
0%
United States 32105 Deptford
0%
Pakistan 80908 Dera Allahyar
0%
India 9892 Dera Baba Nanak
0%
Pakistan 399064 Dera Ghazi Khan
0%
Pakistan 109686 Dera Ismail Khan
0%
Benin 11630 Dérassi
0%
Ukraine 9772 Derazhnia
0%
Kazakhstan 11234 Derbisek
0%
Morocco 11276 Derdara
0%
Turkey 13220 Derecik
0%
Chad 50113 Déressia
0%
India 17748 Dergaon
0%
Ukraine 17433 Derhachi
0%
United States 9812 DeRidder
0%
Turkey 62028 Derik
0%
Turkey 146374 Derince
0%
Turkey 10912 Derinkuyu
0%
Italy 9442 Deruta
0%
Bosnia and Herzegovina 12680 Derventa
0%
Kazakhstan 6307 Derzhavīnsk
0%
Peru 2219 Desaguadero
0%
Costa Rica 33866 Desamparados
0%
Costa Rica 26109 Desamparados
0%
India 11513 Desanagi
0%
India 18924 Desavilakku
0%
United Kingdom 11900 Desborough
0%
Brazil 31756 Descalvado
0%
Brazil 8530 Descanso
0%
Italy 29106 Desenzano del Garda
0%
Russia 24618 Desnogorsk
0%
South Africa 39619 Despatch
0%
United States 9145 Des Peres
0%
Serbia 22995 Despotovac
0%
Philippines 15940 Despujols
0%
India 12324 Desri
0%
Haiti 127529 Dessalines
0%
Belgium 9605 Dessel
0%
Belgium 18026 Destelbergen
0%
United States 14018 Destin
0%
United States 11786 Destrehan
0%
Slovenia 186 Destrnik
0%
India 10377 Desuri
0%
Germany 10204 Dettingen an der Erms
0%
Thailand 14264 Det Udom
0%
Slovakia 13955 Detva
0%
France 22903 Deuil-la-Barre
0%
India 10127 Deūlgaon Māhi
0%
Belgium 82270 Deurne
0%
Netherlands 32437 Deurne
0%
Austria 8651 Deutsch-Wagram
0%
India 18415 Devadānappatti
0%
India 11056 Devanakavundanūr
0%
India 10493 Devanakonda
0%
India 8991 Devanāngurichchi
0%
India 28051 Devanhalli
0%
India 12549 Devāpur
0%
India 14796 Devarapalle
0%
India 9397 Devarāpalle
0%
India 29731 Devarkonda
0%
India 30576 Devarshola
0%
Azerbaijan 37000 Dəvəçi
0%
Turkey 66840 Develi
0%
India 15065 Devendranagar
0%
India 19201 Devgadh Bāriya
0%
India 10949 Devgeri
0%
India 9800 Devikāpuram
0%
India 23709 Devikolam
0%
France 10690 Déville-lès-Rouen
0%
India 11599 Devipattinam
0%
India 20804 Devirammanahalli
0%
United Kingdom 16700 Devizes
0%
India 9496 Devmaudaldal
0%
Bulgaria 8857 Devnya
0%
Australia 23046 Devonport
0%
Turkey 57069 Devrek
0%
India 20264 Devrukh
0%
India 12488 Devsar
0%
India 10000 Dewal Thal
0%
India 15610 Dewangarh
0%
India 289550 Dewās
0%
United States 25773 De Witt
0%
United States 10815 De Witt
0%
United Kingdom 62945 Dewsbury
0%
China 293201 Dexing
0%
Iran 24083 Deyr
0%
United Kingdom 14490 Deysbrook
0%
Iran 264709 Dezfūl
0%
India 27952 Dhabauli
0%
India 11213 Dhakaich
0%
India 17775 Dhamaun
0%
India 40916 Dhamdāha
0%
India 24486 Dhāmnagar
0%
India 34680 Dhāmnod
0%
India 9207 Dhāmnod
0%
India 9752 Dhamsāin
0%
India 101677 Dhamtari
0%
India 10055 Dhāmua
0%
India 19920 Dhanaula
0%
India 8743 Dhanauli
0%
India 11637 Dhanaura
0%
India 11929 Dhanauri
0%
India 30000 Dhandhuka
0%
India 37893 Dhanera
0%
India 9438 Dhānga
0%
Nepal 101970 Dhangaḍhi̇̄
0%
India 10014 Dhangaraha
0%
India 15792 Dhāni Sukhan
0%
Pakistan 15672 Dhanot
0%
India 17800 Dhānsāria
0%
India 12424 Dhansura
0%
India 9503 Dhāntola
0%
India 12500 Dhanupra
0%
India 10133 Dhanur Kalyānwādi
0%
India 9743 Dhanwāda
0%
India 10462 Dhanwār
0%
India 30856 Dharampur
0%
India 19932 Dharampur
0%
India 9029 Dharampur
0%
India 12741 Dharampur Bānde
0%
India 17472 Dharampuri
0%
India 67007 Dhārāpuram
0%
India 8784 Dharāwat
0%
India 12363 Dharhara
0%
India 8689 Dharhwa
0%
India 30352 Dhāri
0%
India 9411 Dharir
0%
India 18706 Dhāriwāl
0%
India 30804 Dharmadam
0%
India 11334 Dharmaj
0%
India 8564 Dharmājigūdem
0%
India 25982 Dharmapuram
0%
India 64444 Dharmapuri
0%
India 17243 Dharmāpuri
0%
India 45887 Dharmaragar
0%
India 13239 Dharmaram
0%
India 11537 Dharmāram
0%
India 69043 Dharmasāgaram
0%
India 12220 Dharmastala
0%
India 121874 Dharmavaram
0%
India 10717 Dharmavaram
0%
India 9919 Dharmavaram
0%
India 20326 Dharmkot
0%
India 19034 Dharmsāla
0%
India 13234 Dharphari
0%
India 9015 Dhauni
0%
India 33460 Dhekiajuli
0%
India 15659 Dhemāji
0%
India 67414 Dhenkānāl
0%
Syria 9000 Dhībān
0%
Maldives 3000 Dhihdhoo
0%
India 10524 Dhilwan
0%
India 10991 Dhilwān Kalān
0%
India 16764 Dhobauli
0%
India 8803 Dhobipet
0%
India 8997 Dholbāja
0%
India 84545 Dhorāji
0%
India 9649 Dhorgaon
0%
India 20071 Dhorīmanna
0%
India 75133 Dhrāngadhra
0%
India 25883 Dhrol
0%
Bangladesh 12760 Dhubaria
0%
India 63338 Dhuburi
0%
India 655603 Dhūlia
0%
India 95706 Dhuliān
0%
India 16896 Dhulkot
0%
India 15788 Dhūmnagar
0%
India 44719 Dhupgāri
0%
India 15829 Dhusar Tikāpatti
0%
India 12855 Dhutauli
0%
Somalia 447 Dhuusamarreeb
0%
Mali 35266 Diabali
0%
Mali 16107 Diabigué
0%
Senegal 10000 Diabougou
0%
Gambia, The 9000 Diabugu
0%
Philippines 19236 Diadi
0%
Mali 15748 Diafarabé
0%
Mali 13691 Diaï Koura
0%
Mali 34100 Diakon
0%
Mali 17705 Dialafara
0%
Mali 22907 Dialakoroba
0%
Mali 45740 Dialakorodji
0%
Mali 18799 Diallassagou
0%
Mali 31483 Dialoubé
0%
Argentina 19142 Diamante
0%
Brazil 47702 Diamantina
0%
Brazil 21941 Diamantino
0%
Senegal 10898 Diamniadio
0%
India 41802 Diamond Harbour
0%
United States 9338 Diamondhead
0%
United States 12642 Diamond Springs
0%
Mali 12550 Diamou
0%
Mali 8869 Diamou
0%
Vietnam 73859 Dĩ An
0%
China 225808 Dianbu
0%
Cameroon 15795 Diang
0%
China 15993 Dianga
0%
Mali 28213 Diangouté Kamara
0%
Mali 12684 Dianguirdé
0%
Mali 14760 Diankabou
0%
Mali 12684 Dianké
0%
Brazil 17739 Dianópolis
0%
China 206058 Diaobingshancun
0%
China 11631 Diao’ecun
0%
Burkina Faso 15515 Diapaga
0%
Ghana 12666 Diari
0%
Brazil 71485 Dias d’Ávila
0%
Congo (Kinshasa) 603 Dibaya
0%
Congo (Kinshasa) 38933 Dibaya-Lubwe
0%
United States 13033 D'Iberville
0%
India 9422 Dibrāghani
0%
India 154019 Dibrugarh
0%
Colombia 37854 Dibulla
0%
India 19685 Dicholi
0%
Turkey 36114 Dicle
0%
United Kingdom 32186 Didcot
0%
Mali 29349 Didiéni
0%
Turkey 97000 Didim
0%
Algeria 33266 Didouche Mourad
0%
Madagascar 33039 Didy
0%
Greece 8611 Didymóteicho
0%
Burkina Faso 25688 Diébougou
0%
Chile 13925 Diego de Almagro
0%
Trinidad and Tobago 25370 Diego Martin
0%
Luxembourg 7047 Diekirch
0%
Germany 9144 Dielheim
0%
Mali 12593 Diéli
0%
Mali 30592 Diéma
0%
Netherlands 31334 Diemen
0%
Belgium 19137 Diepenbeek
0%
Mali 14514 Diéramana
0%
Germany 10596 Dießen am Ammersee
0%
Belgium 23824 Diest
0%
Switzerland 26936 Dietikon
0%
Germany 35268 Dietzenbach
0%
Niger 30988 Diffa
0%
United States 10202 Difficult Run
0%
Philippines 56102 Diffun
0%
India 44999 Dīg
0%
China 8634 Digar
0%
India 27129 Digboi
0%
India 16467 Dighaun
0%
India 10464 Dighāwāni
0%
India 15881 Dighirpār
0%
India 23353 Dighwa
0%
India 36124 Dighwāra
0%
India 56597 Diglipur
0%
France 17694 Digne-les-Bains
0%
Russia 9994 Digora
0%
Philippines 188376 Digos
0%
China 20049 Diguapo
0%
India 9138 Dihri
0%
Somalia 19600 Diinsoor
0%
China 17320 Dijiasuoxiang
0%
India 10000 Dijmur
0%
Djibouti 35000 Dikhil
0%
Turkey 47360 Dikili
0%
Egypt 372871 Dikirnis
0%
Belgium 16739 Diksmuide
0%
Sri Lanka 54370 Dikwella South
0%
India 15429 Dilārpur
0%
Philippines 17102 Dilasag
0%
India 8657 Dilāwarpur
0%
Belgium 42434 Dilbeek
0%
India 29242 Dildārnagar
0%
Armenia 16600 Dilijan
0%
Vietnam 27645 Di Linh
0%
Congo (Kinshasa) 7854 Dilolo
0%
Turkey 53416 Dilovası
0%
India 9984 Dilra
0%
India 122834 Dimāpur
0%
Philippines 24909 Dimasalang
0%
Philippines 31340 Dimataling
0%
Côte d’Ivoire 70198 Dimbokro
0%
Philippines 14889 Dimiao
0%
Mali 11306 Dimmbal
0%
Israel 34135 Dimona
0%
Philippines 10621 Dinagat
0%
Bangladesh 206200 Dinājpur
0%
Philippines 118209 Dinalupihan
0%
India 26394 Dīnānagar
0%
Mali 35886 Dinangorou
0%
India 182241 Dinapore
0%
India 11733 Dināra
0%
India 9674 Dināra
0%
Philippines 36291 Dinas
0%
Mali 13061 Dinbéla
0%
Vietnam 84672 Điện Biên Phủ
0%
Mali 9840 Dindanko
0%
India 207327 Dindigul
0%
India 22997 Dindori
0%
Pakistan 78422 Dinga
0%
Philippines 27878 Dingalan
0%
China 86367 Dingcheng
0%
Germany 10789 Dingelstädt
0%
China 17639 Dingjiagouxiang
0%
Philippines 45965 Dingle
0%
United Kingdom 13246 Dingle
0%
Malta 3608 Dingli
0%
United States 12727 Dingman
0%
Philippines 40127 Dingras
0%
Guinea 6062 Dinguiraye
0%
China 2524097 Dingxi
0%
China 16499 Dingyuan
0%
India 36124 Dīnhāta
0%
Germany 13468 Dinklage
0%
India 14588 Dinmānpur
0%
United Kingdom 9077 Dinnington
0%
South Africa 26409 Dinokana
0%
Egypt 13018 Dinshawāy
0%
United States 25201 Dinuba
0%
Mali 20160 Diondiori
0%
Brazil 15008 Dionísio Cerqueira
0%
Hungary 11637 Diósd
0%
Mali 22018 Dioumanzana
0%
Mali 9244 Diouna
0%
Mali 32418 Dioungani
0%
Senegal 100445 Diourbel
0%
India 22673 Dip
0%
Philippines 33131 Dipaculao
0%
Pakistan 87176 Dipalpur
0%
India 61797 Diphu
0%
Philippines 32585 Diplahan
0%
Philippines 138141 Dipolog
0%
Germany 14174 Dippoldiswalde
0%
India 16952 Dirba
0%
Nicaragua 57542 Diriamba
0%
Nicaragua 22352 Diriomo
0%
India 8645 Dirusumarru
0%
India 111160 Dīsa
0%
United States 15243 Discovery Bay
0%
Egypt 11844 Dishāshah
0%
Belgium 15405 Dison
0%
India 534872 Dispur
0%
Colombia 17112 Distracción
0%
Egypt 143404 Disūq
0%
Germany 25318 Ditzingen
0%
India 52074 Diu
0%
Slovenia 1734 Divača
0%
Iran 34007 Dīvāndarreh
0%
Brazil 11086 Divinolândia
0%
Brazil 10213 Divisópolis
0%
Russia 27477 Divnogorsk
0%
Côte d’Ivoire 294559 Divo
0%
France 10300 Divonne-les-Bains
0%
Turkey 10800 Divriği
0%
United States 25042 Dix Hills
0%
Turkey 20302 Diyadin
0%
Iran 17966 Dīzīcheh
0%
Niger 10 Djado
0%
Benin 134704 Djakotomé
0%
Algeria 50916 Djamaa
0%
Congo (Brazzaville) 24734 Djambala
0%
Algeria 14655 Djanet
0%
Madagascar 9800 Djangoa
0%
Algeria 14630 Djebahia
0%
Tunisia 55285 Djemmal
0%
Algeria 11218 Djemmorah
0%
Algeria 30170 Djendel
0%
Mali 32944 Djenné
0%
Equatorial Guinea 2000 Djibloho
0%
Mali 18702 Djidian
0%
Mali 39557 Djidian Kéniéba
0%
Benin 123542 Djidja
0%
Algeria 21966 Djinet
0%
Algeria 16751 Djouab
0%
Benin 237040 Djougou
0%
Congo (Kinshasa) 28061 Djugu
0%
Moldova 10436 Dnestrovsc
0%
Vietnam 133672 Đồng Hới
0%
Vietnam 150052 Đồng Xoài
0%
Ukraine 17736 Dniprorudne
0%
Pakistan 21341 Doaba
0%
Madagascar 19928 Doany
0%
Serbia 8503 Dobanovci
0%
United States 11397 Dobbs Ferry
0%
Latvia 8589 Dobele
0%
Germany 8536 Doberlug-Kirchhain
0%
India 9595 Dobhāwān
0%
Slovenia 114 Dobje
0%
India 79185 Dobni Para
0%
Bosnia and Herzegovina 68514 Doboj
0%
Brazil 8592 Dobrada
0%
Poland 9629 Dobre Miasto
0%
Czechia 8867 Dobříš
0%
Slovenia 536 Dobrna
0%
Ukraine 28170 Dobropillia
0%
Slovenia 921 Dobrova
0%
Slovenia 948 Dobrovnik
0%
Slovenia 334 Dobrovo
0%
Belarus 18083 Dobrush
0%
Russia 28545 Dobryanka
0%
United States 8786 Dock Junction
0%
Argentina 43168 Dock Sur
0%
Mexico 9339 Doctor Arroyo
0%
Paraguay 14316 Doctor Juan Eulogio Estigarribia
0%
United States 12458 Doctor Phillips
0%
India 9541 Dodarasinakere
0%
India 93105 Dod Ballāpur
0%
India 12243 Doddanahalli
0%
India 11520 Doddappanāyakkanūr
0%
India 13258 Doddipatla
0%
Benin 9119 Dodji-Bata
0%
Ethiopia 24767 Dodola
0%
India 8516 Dodvad
0%
United Kingdom 9777 Dodworth
0%
Netherlands 11064 Doesburg
0%
Netherlands 58270 Doetinchem
0%
India 13848 Dogāchi
0%
Turkey 14812 Doğanhisar
0%
Turkey 37697 Doğanşehir
0%
Benin 63000 Dogbo
0%
Iran 96728 Do Gonbadān
0%
Turkey 80061 Doğubayazıt
0%
Bangladesh 40147 Dohazāri
0%
India 13323 Dohta
0%
Thailand 12261 Doi Lo
0%
Thailand 10750 Doi Saket
0%
Brazil 26517 Dois Córregos
0%
Brazil 30709 Dois Irmãos
0%
Brazil 11067 Dois Riachos
0%
Brazil 44869 Dois Vizinhos
0%
India 8709 Doiwāla
0%
Thailand 13450 Dok Kham Tai
0%
Netherlands 12365 Dokkum
0%
Uganda 19810 Dokolo
0%
Ukraine 22835 Dokuchaievsk
0%
Slovenia 882 Dolenjske Toplice
0%
Russia 119089 Dolgoprudnyy
0%
Romania 11007 Dolhasca
0%
Italy 9451 Dolianova
0%
Russia 11840 Dolinsk
0%
Congo (Brazzaville) 83798 Dolisie
0%
Serbia 19000 Doljevac
0%
United Kingdom 14425 Dollis Hill
0%
North Macedonia 300 Dolneni
0%
Slovakia 18095 Dolný Kubín
0%
Ethiopia 11810 Dolo Bay
0%
Ethiopia 26323 Dolo Odo
0%
Philippines 44626 Dolores
0%
Philippines 32514 Dolores
0%
Guatemala 30302 Dolores
0%
Argentina 25940 Dolores
0%
Uruguay 17174 Dolores
0%
Philippines 11512 Dolores
0%
Mexico 67101 Dolores Hidalgo Cuna de la Independencia Nacional
0%
United States 20979 Dolton
0%
Ukraine 20417 Dolyna
0%
Ukraine 18225 Dolynska
0%
Ghana 1000000 Domaa-Ahenkro
0%
San Marino 3565 Domagnano
0%
India 12480 Domahani
0%
Czechia 11155 Domažlice
0%
India 10319 Dombāchcheri
0%
Russia 9556 Dombarovskiy
0%
Brazil 11884 Dom Basílio
0%
France 9528 Dombasle-sur-Meurthe
0%
Hungary 17041 Dombóvár
0%
India 16552 Domchānch
0%
Ghana 78785 Dome
0%
France 8665 Domérat
0%
Brazil 13051 Dom Feliciano
0%
Brazil 30559 Domingos Martins
0%
India 13648 Domkonda
0%
India 9165 Dommasandra
0%
Romania 11337 Domneşti
0%
Italy 17709 Domodossola
0%
Greece 9159 Domokós
0%
Comoros 16276 Domoni
0%
France 16075 Domont
0%
Brazil 36981 Dom Pedrito
0%
Brazil 23053 Dom Pedro
0%
Indonesia 57680 Dompu
0%
Slovenia 13222 Domžale
0%
Ireland 9669 Donabate
0%
Ireland 15642 Donacarney
0%
Brazil 10413 Dona Inês
0%
Philippines 28656 Doña Remedios Trinidad
0%
Spain 37728 Don Benito
0%
Philippines 54188 Don Bosco
0%
Argentina 20876 Don Bosco
0%
Philippines 69273 Don Carlos
0%
Angola 71715 Dondo
0%
Mozambique 70817 Dondo
0%
Haiti 25846 Dondon
0%
Moldova 7101 Donduşeni
0%
Ireland 2618 Donegal
0%
Philippines 10550 Don Galo
0%
China 9920 Dongcha
0%
China 78611 Dongchuan
0%
China 59772 Dongcun
0%
Korea, South 97424 Dongducheon
0%
China 123647 Dongfeng
0%
China 26129 Dongfeng
0%
Taiwan 45972 Donggang
0%
China 24605 Donggangli
0%
China 31732 Donggou
0%
China 20393 Donggou
0%
China 148210 Dongguazhen
0%
Vietnam 164228 Đông Hà
0%
Vietnam 119991 Đông Hòa
0%
China 182449 Donghua
0%
China 16816 Dongjiangshui
0%
China 41000 Dongluocun
0%
China 46661 Dongnanyanfa
0%
China 195489 Dongning
0%
Sudan 56167 Dongola
0%
Congo (Brazzaville) 9935 Dongou
0%
China 95000 Dongping
0%
Taiwan 53235 Dongshan
0%
China 48229 Dongshan
0%
China 147228 Dongsheng
0%
China 128000 Dongsheng
0%
China 117976 Dongsheng
0%
China 53184 Dongsheng
0%
China 23809 Dongsheng
0%
Taiwan 23327 Dongshi
0%
Taiwan 13601 Dongshicuo
0%
China 45748 Dongsu
0%
China 22040 Dongta
0%
China 888410 Dongtai
0%
China 24495 Dongxiaozhai
0%
China 216053 Dongxing
0%
China 50000 Dongxishan
0%
China 804398 Dongyang
0%
China 41000 Dongyangshi
0%
China 12572 Dongyuancun
0%
China 29500 Dongyuya
0%
China 48686 Dongzhang
0%
Chile 18764 Doñihue
0%
Bosnia and Herzegovina 37441 Donji Kakanj
0%
Bosnia and Herzegovina 13985 Donji Vakuf
0%
Colombia 24201 Donmatías
0%
Thailand 11934 Don Sak
0%
Russia 63837 Donskoy
0%
Philippines 50281 Donsol
0%
Argentina 64867 Don Torcuato
0%
Benin 12773 Donwari
0%
Netherlands 10124 Doorn
0%
South Africa 8740 Doornkop
0%
India 14097 Doranahalli
0%
India 11993 Doranāla
0%
India 12195 Dorandā
0%
United States 10738 Doraville
0%
Brazil 10007 Dores de Campos
0%
Brazil 12630 Dores do Indaiá
0%
India 14374 Doria Sonāpur
0%
Brazil 17188 Dormentes
0%
India 14425 Dornakal
0%
Slovenia 1263 Dornava
0%
Germany 9376 Dornstadt
0%
Hungary 11423 Dorog
0%
Russia 9086 Dorogobuzh
0%
Romania 22893 Dorohoi
0%
Mali 19411 Dorou
0%
United Kingdom 11140 Dorridge
0%
Turkey 128941 Dörtyol
0%
Iran 121608 Dorūd
0%
Congo (Kinshasa) 18000 Doruma
0%
Canada 19302 Dorval
0%
Germany 9175 Dörverden
0%
Turkey 79495 Döşemealtı
0%
Bulgaria 10536 Dospat
0%
Niger 58671 Dosso
0%
Uzbekistan 18300 Do’stlik Shahri
0%
Uzbekistan 16200 Do‘stobod
0%
Morocco 54477 Douar Ain Chkef
0%
Morocco 11165 Douar Ain Maatouf
0%
Morocco 19286 Douar Ait Sidi Daoud
0%
Morocco 8888 Douar Ait Taleb
0%
Morocco 24521 Douar ’Ayn Dfali
0%
Morocco 22985 Douar Azla
0%
Morocco 16660 Douar Bni Ansar
0%
Morocco 43282 Douar Bni Malek
0%
Morocco 10093 Douar Bouchfaa
0%
Algeria 23920 Douar Bou Tlelis
0%
Morocco 10371 Douar Echbanat
0%
Morocco 15165 Douar El Arbaa Bou Quorra
0%
Morocco 10874 Douar El Mellaliyine
0%
Morocco 9249 Douar Ezzerarda
0%
Morocco 14227 Douar Hammadi
0%
Morocco 23132 Douar Imoukkane
0%
Morocco 10283 Douar Jwalla
0%
Morocco 16899 Douar Lamjaara
0%
Morocco 20187 Douar Lamrabih
0%
Morocco 48253 Douar Laouamra
0%
Morocco 14059 Douar Lehgagcha
0%
Morocco 9610 Douar Lehouifrat
0%
Morocco 10194 Douar Mzoura
0%
Morocco 27895 Douar Olad. Salem
0%
Morocco 26733 Douar Oulad Aj-jabri
0%
Morocco 9372 Douar Oulad Bouziane
0%
Morocco 14468 Douar Oulad Driss
0%
Morocco 36018 Douar Oulad Hssine
0%
Morocco 17562 Douar Oulad Mbarek
0%
Morocco 13366 Douar Oulad Nader
0%
Morocco 11578 Douar Oulad Naoual
0%
Morocco 9260 Douar Oulad Sidi Moussa
0%
Morocco 12804 Douar Oulad Youssef
0%
Morocco 24564 Douar Ouled Ayad
0%
Morocco 12092 Douar Ras el Ksar
0%
Morocco 13202 Douar Sidi Laaroussi
0%
Morocco 8600 Douar Sidi Msour
0%
Morocco 13592 Douar Souk L‘qolla
0%
Morocco 13635 Douar Tabouda
0%
Morocco 12668 Douar Toulal
0%
Morocco 11348 Douar Trougout
0%
France 10112 Douchy-les-Mines
0%
China 96184 Doudian
0%
Mali 28005 Douentza
0%
Algeria 46266 Douera
0%
Mali 17401 Douétiré
0%
Mali 29208 Dougabougou
0%
Benin 10387 Dougba
0%
United States 10668 Douglass
0%
Mali 8557 Dougoufé
0%
Mali 15186 Dougouni
0%
China 19563 Doujing
0%
Mali 11510 Doukombo
0%
Côte d’Ivoire 14881 Doukouya
0%
Taiwan 107924 Douliu
0%
Mali 15105 Doumanaba
0%
Benin 13592 Doumé
0%
Taiwan 43360 Dounan
0%
Chad 17682 Dourbali
0%
France 11068 Dourdan
0%
Benin 22099 Doutou
0%
Tunisia 34221 Douz
0%
China 23421 Douzhangzhuang
0%
Ukraine 62691 Dovzhansk
0%
Malawi 7135 Dowa
0%
Iran 13809 Dowbarān
0%
India 44637 Dowlaiswaram
0%
Iran 40945 Dowlatābād
0%
Iran 9329 Dowlatābād
0%
United Kingdom 11349 Downham Market
0%
United Kingdom 11545 Downpatrick
0%
Algeria 31382 Draa Ben Khedda
0%
Algeria 38886 Draa el Mizan
0%
India 199429 Drabar
0%
Brazil 47043 Dracena
0%
North Macedonia 19246 Dračevo
0%
Netherlands 45186 Drachten
0%
United States 32356 Dracut
0%
Romania 9721 Drăgăneşti-Olt
0%
Romania 15617 Drăgăşani
0%
Kosovo 34827 Dragash
0%
Slovenia 1464 Dragomer
0%
Denmark 12327 Dragør
0%
France 40789 Draguignan
0%
Belarus 14804 Drahichyn
0%
India 9299 Drākshārāma
0%
Greece 44257 Dráma
0%
United States 11860 Dranesville
0%
Greece 13815 Drapetsóna
0%
India 21988 Drās
0%
France 29824 Draveil
0%
Slovenia 3088 Dravograd
0%
Poland 11515 Drawsko Pomorskie
0%
Pakistan 8842 Drazinda
0%
Algeria 37686 Drean
0%
Germany 15865 Drensteinfurt
0%
France 31205 Dreux
0%
United States 27636 Drexel Heights
0%
United States 30015 Drexel Hill
0%
Poland 9800 Drezdenko
0%
Netherlands 27325 Drimmelen
0%
Morocco 15661 Driouch
0%
Norway 13393 Drøbak
0%
Moldova 13150 Drochia
0%
Congo (Kinshasa) 25000 Drodro
0%
Ireland 40956 Drogheda
0%
Ukraine 73682 Drohobych
0%
United Kingdom 26410 Droitwich
0%
Germany 11766 Drolshagen
0%
United Kingdom 21161 Dronfield
0%
Belgium 13038 Drongen
0%
Netherlands 42011 Dronten
0%
Australia 12349 Drouin
0%
United Kingdom 23689 Droylsden
0%
Italy 8994 Druento
0%
Lithuania 13170 Druskininkai
0%
Netherlands 18991 Druten
0%
Uzbekistan 16800 Druzhba
0%
Ukraine 53977 Druzhkivka
0%
United States 13689 Dryden
0%
Cameroon 76524 Dschang
0%
China 31203 Duanshan
0%
China 29498 Duanzhuang
0%
Brazil 12567 Duartina
0%
Brazil 10980 Duas Barras
0%
Ghana 27476 Duayaw-Nkwanta
0%
India 15725 Dūbacherla
0%
India 12349 Dubak
0%
Moldova 28500 Dubăsari
0%
Switzerland 28002 Dübendorf
0%
Ukraine 9748 Dubliany
0%
Slovakia 21805 Dubnica nad Váhom
0%
Ukraine 36901 Dubno
0%
Russia 14779 Dubovka
0%
Russia 8544 Dubovskoye
0%
India 38041 Dubrājpur
0%
Ukraine 9343 Dubrovytsya
0%
Czechia 8685 Duchcov
0%
China 85659 Ducheng
0%
Germany 20320 Duderstadt
0%
India 15303 Dudhgaon
0%
India 10059 Dudhpura
0%
Côte d’Ivoire 220953 Duekoué
0%
Philippines 34597 Dueñas
0%
Italy 13576 Dueville
0%
Belgium 17664 Duffel
0%
Croatia 10212 Duga Resa
0%
India 24904 Dugda
0%
India 11098 Duggirāla
0%
France 11723 Dugny
0%
Croatia 17676 Dugo Selo
0%
Russia 11020 Dugulubgey
0%
China 17533 Duijiang
0%
Colombia 132894 Duitama
0%
Netherlands 25066 Duiven
0%
China 9966 Dujiashigou
0%
United Kingdom 21155 Dukinfield
0%
India 18839 Dukli
0%
Philippines 48992 Dulag
0%
Costa Rica 9744 Dulce Nombre de Jesús
0%
El Salvador 8987 Dulce Nombre de María
0%
India 35000 Dulhanganj
0%
Germany 20469 Dülken
0%
Pakistan 30000 Dulmial
0%
Syria 123494 Dūmā
0%
Philippines 134103 Dumaguete City
0%
Indonesia 264084 Dumai
0%
Philippines 30098 Dumalag
0%
Philippines 32928 Dumalinao
0%
Philippines 73899 Dumangas
0%
Philippines 57823 Dumanjog
0%
Philippines 23528 Dumaran
0%
Philippines 49506 Dumarao
0%
India 13317 Dumariā
0%
United States 14362 Dumas
0%
United Kingdom 20560 Dumbarton
0%
New Caledonia 35873 Dumbéa
0%
Romania 20014 Dumbrăviţa
0%
India 26143 Dum Duma
0%
United Kingdom 32379 Dumfries
0%
Philippines 48881 Dumingag
0%
India 18433 Dumjor
0%
India 47584 Dumka
0%
United States 18072 Dumont
0%
Brazil 10023 Dumont
0%
India 19186 Dumra
0%
India 9555 Dumra
0%
India 60463 Dumraon
0%
India 18126 Dumri
0%
India 17676 Dumri
0%
India 13894 Dumri
0%
India 11047 Dumri
0%
India 10437 Dumri
0%
India 9969 Dumri
0%
India 9803 Dumri
0%
India 9113 Dumri
0%
India 8910 Dumri
0%
Hungary 23604 Dunaharaszti
0%
Ukraine 15707 Dunaivtsi
0%
Slovakia 23044 Dunajská Streda
0%
Hungary 42747 Dunakeszi
0%
Hungary 41394 Dunaújváros
0%
Hungary 8909 Dunavarsány
0%
United Kingdom 9410 Dunblane
0%
India 9658 Dundankop
0%
Ireland 39004 Dún Dealgan
0%
India 13465 Dundigal
0%
United Kingdom 16282 Dungannon
0%
India 47706 Dūngarpur
0%
India 24522 Dungra Chhota
0%
Congo (Kinshasa) 52000 Dungu
0%
China 392486 Dunhua
0%
China 185231 Dunhuang
0%
Ireland 23857 Dunleary
0%
United States 8512 Dunn
0%
United States 8782 Dunn Loring
0%
United Kingdom 40699 Dunstable
0%
Philippines 33295 Dupax Del Norte
0%
Philippines 21224 Dupax del Sur
0%
Bulgaria 33705 Dupnitsa
0%
United States 9952 DuPont
0%
Bangladesh 26336 Duptiair
0%
Brazil 10223 Duque Bacelar
0%
India 10488 Duraiswāmipuram
0%
United States 19209 Durant
0%
Uruguay 34368 Durazno
0%
Tajikistan 20052 Durbat
0%
Belgium 11637 Durbuy
0%
India 136962 Durgauti
0%
India 9480 Durgi
0%
Moldova 15500 Durleşti
0%
Germany 12142 Durmersheim
0%
India 19000 Dūrpalli
0%
Turkey 33333 Dursunbey
0%
Kosovo 9398 Dushanovë
0%
Tajikistan 18800 Dŭstí
0%
Nigeria 153000 Dutse
0%
Dominican Republic 12029 Duvergé
0%
India 13596 Duvva
0%
India 12727 Duvvūru
0%
India 8844 Duvvūru
0%
United States 16110 Duxbury
0%
Burma 30000 Du Yar
0%
Vietnam 48210 Duyên Hải
0%
China 493574 Duyun
0%
Turkey 194097 Düzce
0%
China 28831 Duzhuang
0%
Turkey 56724 Düziçi
0%
Turkey 13312 Düzköy
0%
Czechia 15339 Dvůr Králové nad Labem
0%
India 38873 Dwārka
0%
Russia 25255 Dyatkovo
0%
Mali 47876 Dyero
0%
United States 16075 Dyersburg
0%
Ukraine 9376 Dymka
0%
South Africa 12544 Dysselsdorp
0%
Russia 31185 Dyurtyuli
0%
Kyrgyzstan 13406 Dyykan-Kyshtak
0%
Russia 57434 Dzerzhinskiy
0%
Ukraine 38622 Dzhankoi
0%
Poland 20670 Działdowo
0%
Poland 31866 Dzierżoniów
0%
Mexico 17000 Dzitbalché
0%
Ghana 100000 Dzolokpuita
0%
Morocco 11527 Dzouz
0%
Mongolia 18830 Dzüünharaa
0%
Mongolia 14660 Dzuunmod
0%
Belarus 29796 Dzyarzhynsk
0%
Saudi Arabia 39543 Ḑubā
0%
Saudi Arabia 35000 Ḑulay‘ Rashīd
0%
Saudi Arabia 11461 Ḑurumā
0%
No matching quizzes found
Score Distribution
Percent of People with Each Score
Percentile by Number Answered
Your Score History
You have not taken this quiz since the last reset